000
00291nam a22001097a 4500
082
_a
684.08 LUK'S
100
_a
LUKER, EDWIN W
_9
57394
245
_a
SCHOOL CRAFTWORK IN WOOD A TEXTBOOK FOR CRAFT STUDENTS AND WOODWORKERS
260
_a
LONDON
_b
TECHNICAL
_c
1958
300
_a
158P
942
_c
BK
999
_c
567683
_d
567683